000 00437nam a2200181Ia 4500
001 8396
005 20260306160606.0
008 260306t2010||||xx |||||||||||||| ||spa||
041 _aESP
082 _a370.72
_bB22
100 _aBanks, Marcus
_eAUT
245 0 _aLos datos visuales en investigación cualitativa
260 _c2010
300 _a175 pƔginas :
_c24 cm.
650 _aGEN
654 _aCED
942 _cLIB
_dJUS
_fJUS
_2ddc
_n
999 _c8396
_d8396